Biblioteca

The church in emerging culture : five perspectives / Editado por Leonard Sweet , Andy Crouch , Michael Horton , Frederica Mathewes-Green , Brian D. McLaren , Erwin Raphael McManus (Registro nro. 45106)

Detalles MARC
000 -LÍDER
Campo fijo de descripción fija 009170000a22002050004500
001 - NÚMERO DE CONTROL
Campo de control 18693
020 ## - NÚMERO INTERNACIONAL NORMALIZADO PARA LIBROS
Número Internacional Normalizado del libro 0-310-25487-6
082 04 - NÚMERO DE CLASIFICACIÓN DECIMAL DEWEY
Número de clasificación G 261.1 S82e
100 1# - ASIENTO PRINCIPAL--NOMBRE PERSONAL
Nombre personal Sweet, Leonard. (Editor)
245 10 - TÍTULO
Título del Material The church in emerging culture : five perspectives / Editado por Leonard Sweet , Andy Crouch , Michael Horton , Frederica Mathewes-Green , Brian D. McLaren , Erwin Raphael McManus
260 ## - PUBLICACIÓN, DISTRIBUCIÓN, ETC. (PIE DE IMPRENTA)
Lugar de publicación, distribución, etc. Grand Rapids, Michigan : Zondervan
300 ## - DESCRIPCIÓN FÍSICA
Extensión 263 páginas
336 ## - CONTENT TYPE
Content type term texto
Content type code txt
Source rdacontent
337 ## - MEDIA TYPE
Source rdamedia
Media type term sin mediación
Media type code n
338 ## - CARRIER TYPE
Source rdacarrier
Carrier type term volumen
Carrier type code nc
501 ## - NOTA DE “CON”
Nota de Contenido Rústico
505 00 - NOTA DE CONTENIDO
Nota de contenido con formato preestablecido El posmodernismo -- La mega-iglesia -- La iglesia norteamericana -- Comunicación del mensaje de los evangelios en la cultura de hoy -- La persona de Cristo
650 14 - ASIENTO SECUNDARIO DE MATERIA - TERMINO TEMÁTICO
Término temático o nombre geográfico como elemento de entrada El cristianismo y la cultura \ Postmodernismo - Aspectos religiosos \ Cristianismo. Renovación de la Iglesia.
942 ## - TIPO DE MATERIAL (KOHA)
Tipo de Item KOHA Libros General
Existencias
Estado de Material Estado de Perdido Estado de Dañado No para Préstamo Colección Tomo Biblioteca de Origen Biblioteca Permanente Fecha de Adquisición Total de Préstamos Signatura Topográfica Código de Barras Última vez visto Ejemplar/Existencia Fecha de Remplazo Tipo de Material
        Colección General   Biblioteca FUSBC Biblioteca FUSBC 31/10/2014   G 261.1 S82e 18678 12/12/2019 1 26/01/2016 Libros General

Biblioteca FUSBC | Teléfono: (57+4) 349 88 10 Ext. 141| WhatsApp (+57) 3005338115 
E-mail: biblioteca@unisbc.edu.co | Calle 76 87-14 Robledo Palenque, Medellín, Colombia

Con tecnología Koha